| 000 | 00698nam a22002890a 4500 | ||
|---|---|---|---|
| 001 | PT1798 | ||
| 003 | AR-LpoUNG | ||
| 005 | 20210131233648.0 | ||
| 008 | 191001s2000||||ag |||||||||||||||||spa d | ||
| 020 |
_a9506950652 _c$6.56 |
||
| 040 |
_aAR-LpoUNG _bspa _cAR-LpoUNG _eaacr |
||
| 041 | _aspa | ||
| 044 | _aag | ||
| 082 | 0 | _aA863 988yac | |
| 100 | 1 | _aQuiroga, Horacio | |
| 245 | 1 | 3 | _aEl yaciyateré |
| 250 | _a1ra. ed. | ||
| 260 |
_aBuenos Aires : _bRei Argentina, _c[2000]. |
||
| 300 |
_a94 p. : _bil., fot. |
||
| 650 | 4 | _aAMERICA LATINA | |
| 650 | 4 | _aARGENTINA | |
| 650 | 4 | _aLITERATURA | |
| 651 | 4 | _aArgentina | |
| 653 | _aLITERATURA ARGENTINA | ||
| 905 | _a1798 | ||
| 942 | _cLIB | ||
| 999 |
_c21995 _d21995 |
||